<?xml version="1.0" encoding="UTF-8"?>
<record
    xmlns:xsi="http://www.w3.org/2001/XMLSchema-instance"
    xsi:schemaLocation="http://www.loc.gov/MARC21/slim http://www.loc.gov/standards/marcxml/schema/MARC21slim.xsd"
    xmlns="http://www.loc.gov/MARC21/slim">

  <leader>01912nas a2200277Ia 4500</leader>
  <controlfield tag="001">R052-S4306</controlfield>
  <controlfield tag="003">IT-CnALBA</controlfield>
  <controlfield tag="008">170116c99999999xx ||||||||||||   ||und||</controlfield>
  <datafield tag="040" ind1=" " ind2=" ">
    <subfield code="a">IT-CnALBA</subfield>
    <subfield code="c">IT-CnALBA</subfield>
  </datafield>
  <datafield tag="041" ind1=" " ind2=" ">
    <subfield code="a">ITALIANO</subfield>
  </datafield>
  <datafield tag="100" ind1=" " ind2=" ">
    <subfield code="a">BRUNETTA GIUSEPPE, SJ.</subfield>
  </datafield>
  <datafield tag="210" ind1=" " ind2=" ">
    <subfield code="a">VIA PASTORALE</subfield>
  </datafield>
  <datafield tag="222" ind1=" " ind2=" ">
    <subfield code="a">VIA PASTORALE</subfield>
  </datafield>
  <datafield tag="245" ind1=" " ind2="0">
    <subfield code="a">VIA PASTORALE. AGOSTO SETTEMBRE 2003. PER OPERATORI PASTORALI. DOSSIER, NEL MONDO MA DA CRISTIANI. </subfield>
  </datafield>
  <datafield tag="250" ind1=" " ind2=" ">
    <subfield code="a">1a ed.</subfield>
  </datafield>
  <datafield tag="260" ind1=" " ind2=" ">
    <subfield code="a">CINISELLO BALSAMO (MI)</subfield>
    <subfield code="b">PERIODICI SAN PAOLO ED. </subfield>
    <subfield code="c">2003 [1&#xB0; Ed.:2003 - Ed.Ling.Originale: 2003]</subfield>
  </datafield>
  <datafield tag="300" ind1=" " ind2=" ">
    <subfield code="a">122 p. </subfield>
  </datafield>
  <datafield tag="310" ind1=" " ind2=" ">
    <subfield code="a">MENSILE</subfield>
  </datafield>
  <datafield tag="362" ind1=" " ind2=" ">
    <subfield code="a">Fascicolo: 8-9 / Anno: 91 (2003)</subfield>
  </datafield>
  <datafield tag="500" ind1=" " ind2=" ">
    <subfield code="a">SALVO D'ACQUISTO RICORDATO DAI CARABINIERI. AGOSTINO CASAROLI, LA PASTORALE DELLA DIPLOMAZIA. SERVIZI. LA PAROLA. RUBRICHE. DOSSIER. RISPETTO A DIO E ALLE CREATURE E ALLE COSE. RAPPORTO ANNUALE. GES&#xD9; CRISTO NORD E SUD. LA CARITAS VA AIUTATA, NERVO G. SLANCIO E PROFEZIA. IN POLITICA MA PER IL BENE COMUNE. SERIETA' DELLA FEDE. LAVORO CON IL CUORE POPOLARE. ACQUISTI E CAMBIAMENTO ECONOMICO. DALL'ARCOBALENO ALLE BEATITUDINI. PRECETTATI DALLA SOLIDARIET&#xC0;. PI&#xD9; CELEBRAZIONI MENO CERIMONIE. VOCE DEI SENZA VOCE. </subfield>
  </datafield>
  <datafield tag="501" ind1=" " ind2=" ">
    <subfield code="a">Societ&#xE0; San Paolo EM - Piazza San Paolo, 14 - 12051 ALBA (CN)  (non commercial uses only) &#xAE; Copyright 2017</subfield>
  </datafield>
  <datafield tag="520" ind1=" " ind2=" ">
    <subfield code="a">SALVO D'ACQUISTO RICORDATO DAI CARABINIERI. AGOSTINO CASAROLI, LA PASTORALE DELLA DIPLOMAZIA. SERVIZI. LA PAROLA. RUBRICHE. DOSSIER. RISPETTO A DIO E ALLE CREATURE E ALLE COSE. RAPPORTO ANNUALE. GES&#xD9; CRISTO NORD E SUD. LA CARITAS VA AIUTATA, NERVO G. SLANCIO E PROFEZIA. IN POLITICA MA PER IL BENE COMUNE. SERIETA' DELLA FEDE. LAVORO CON IL CUORE POPOLARE. ACQUISTI E CAMBIAMENTO ECONOMICO. DALL'ARCOBALENO ALLE BEATITUDINI. PRECETTATI DALLA SOLIDARIET&#xC0;. PI&#xD9; CELEBRAZIONI MENO CERIMONIE. VOCE DEI SENZA VOCE. </subfield>
  </datafield>
  <datafield tag="650" ind1=" " ind2=" ">
    <subfield code="a">RIVISTE VARIE</subfield>
  </datafield>
  <datafield tag="942" ind1=" " ind2=" ">
    <subfield code="c">CR</subfield>
  </datafield>
  <datafield tag="957" ind1=" " ind2=" ">
    <subfield code="7">1</subfield>
  </datafield>
  <datafield tag="999" ind1=" " ind2=" ">
    <subfield code="a">66196</subfield>
    <subfield code="b">NO</subfield>
    <subfield code="g">1</subfield>
    <subfield code="c">332664</subfield>
    <subfield code="d">332664</subfield>
  </datafield>
  <datafield tag="952" ind1=" " ind2=" ">
    <subfield code="0">0</subfield>
    <subfield code="1">0</subfield>
    <subfield code="4">0</subfield>
    <subfield code="6">R_052S4306</subfield>
    <subfield code="7">1</subfield>
    <subfield code="a">ALBA</subfield>
    <subfield code="b">ALBA</subfield>
    <subfield code="d">2017-01-16</subfield>
    <subfield code="l">0</subfield>
    <subfield code="o">R052-S4306</subfield>
    <subfield code="r">2017-01-16 00:00:00</subfield>
    <subfield code="w">2017-01-16</subfield>
    <subfield code="y">CR</subfield>
    <subfield code="z">(data import: 16 gennaio 2017) - By Epidotti, Vaglietti. </subfield>
  </datafield>
</record>
